[Event "GBR-ch84 Major Open"]
[Site "Hove"]
[Date "1997.08.15"]
[Round "11"]
[White "Wise, David"]
[Black "Almond, Philip"]
[Result "0-1"]
[WhiteElo "2195"]
[BlackElo "2048"]
[PlyCount "108"]
[EventDate "1997.08.04"]
[EventType "swiss"]
[EventRounds "11"]
[EventCountry "GBR"]
[SourceTitle "BritBase"]
[Source "John Saunders"]
[SourceDate "2024.07.22"]
[SourceVersion "1"]
[SourceVersionDate "2024.07.22"]
[SourceQuality "1"]

1. d4 Nf6 2. c4 c5 3. d5 e6 4. Nc3 exd5 5. cxd5 d6 6. e4 g6 7. Bd3 Bg7 8. Nge2
O-O 9. O-O a6 10. a4 Re8 11. h3 Nbd7 12. Ng3 Rb8 13. a5 b5 14. axb6 Qxb6 15.
Ra2 h5 16. Re1 Nf8 17. Kh1 c4 18. Be3 Qc7 19. Bc2 Rb4 20. f4 h4 21. Nf1 Nh5 22.
Qd2 Nd7 23. e5 dxe5 24. f5 gxf5 25. Bxf5 Ndf6 26. Bxc8 Qxc8 27. Bg5 Rb6 28. Qf2
Qb8 29. Ne3 Ng3+ 30. Kg1 Nge4 31. Nxe4 Nxe4 32. Qxh4 Nxg5 33. Qxg5 Rg6 34. Qh4
e4 35. Nf5 Qb3 36. Ra3 Qxb2 37. Rg3 Rxg3 38. Qxg3 Qe5 39. Qxg7+ Qxg7 40. Nxg7
Kxg7 41. Kf2 Kf6 42. Rc1 Rc8 43. Ke3 Ke5 44. d6 f5 45. d7 f4+ 46. Ke2 Rd8 47.
Rxc4 Rxd7 48. Ra4 Rd6 49. Ra5+ Kf6 50. Ra4 Re6 51. Ra5 Rb6 52. Ra2 Kg5 53. Kf1
Kh4 54. Kf2 Re6 0-1

[Event "GBR-ch84 Major Open"]
[Site "Hove"]
[Date "1997.08.15"]
[Round "11"]
[White "Mason, Donald J"]
[Black "Moskovic, David M"]
[Result "1-0"]
[WhiteElo "2285"]
[BlackElo "2180"]
[PlyCount "101"]
[EventDate "1997.08.04"]
[EventType "swiss"]
[EventRounds "11"]
[EventCountry "GBR"]
[SourceTitle "BritBase"]
[Source "John Saunders"]
[SourceDate "2024.07.22"]
[SourceVersion "1"]
[SourceVersionDate "2024.07.22"]
[SourceQuality "1"]

1. b3 Nf6 2. Bb2 g6 3. e3 Bg7 4. c4 O-O 5. Nf3 d6 6. d4 c6 7. Nc3 a5 8. Be2 Re8
9. a3 Nbd7 10. O-O e5 11. b4 e4 12. Nd2 h5 13. Qc2 Qe7 14. Nb3 axb4 15. axb4
Rxa1 16. Rxa1 Ng4 17. h3 Nh6 18. b5 Qh4 19. Bf1 Nf6 20. Ra7 Nf5 21. Ne2 Bh6 22.
Bc1 Qg5 23. Kh1 Nh4 24. b6 Nd7 25. c5 dxc5 26. Nxc5 Nxc5 27. Qxc5 Qf6 28. Kg1
Bf8 29. Qc3 Qg5 30. Ra5 Bf5 31. Ng3 Bd6 32. Nxf5 gxf5 33. d5 Be5 34. Qb3 Kh7
35. dxc6 Rg8 36. Kh1 Nxg2 37. Rxe5 Nh4 38. Qxf7+ Rg7 39. Qxg7+ Qxg7 40. c7 Qg8
41. Re7+ Kh6 42. Bb2 Nf3 43. Bg7+ Kh7 44. Be5+ Kh6 45. Bf4+ Kg6 46. Rd7 Kf6 47.
Bg3 Qa8 48. Rd1 h4 49. Bf4 Qg8 50. Bb5 Qb3 51. Rc1 1-0

[Event "GBR-ch84 Major Open"]
[Site "Hove"]
[Date "1997.08.15"]
[Round "11"]
[White "Dickinson, Timothy R"]
[Black "Kennaugh, Charles W"]
[Result "0-1"]
[WhiteElo "2155"]
[BlackElo "2300"]
[PlyCount "84"]
[EventDate "1997.08.04"]
[EventType "swiss"]
[EventRounds "11"]
[EventCountry "GBR"]
[SourceTitle "BritBase"]
[Source "John Saunders"]
[SourceDate "2024.07.22"]
[SourceVersion "1"]
[SourceVersionDate "2024.07.22"]
[SourceQuality "1"]

1. e4 e5 2. Nf3 Nc6 3. Bc4 Nf6 4. d3 h6 5. O-O d6 6. c3 g6 7. d4 Qe7 8. Re1 Bg7
9. Nbd2 O-O 10. dxe5 dxe5 11. h3 Nh5 12. Nf1 Nf4 13. Ne3 Rd8 14. Qc2 Be6 15.
Bxe6 Qxe6 16. Qb3 Qxb3 17. axb3 Nd3 18. Rd1 Nc5 19. Rxd8+ Rxd8 20. b4 Nb3 21.
Rb1 f5 22. Kf1 fxe4 23. Nh2 h5 24. Ke2 Bh6 25. Nhf1 Ncd4+ 26. cxd4 exd4 27. Nd2
Nxd2 28. Bxd2 dxe3 29. Bxe3 Bxe3 30. Kxe3 Rd3+ 31. Kxe4 Rb3 32. Kd5 Rxb4 33.
Ke6 a5 34. Rd1 Rb6+ 35. Ke5 Rxb2 36. Rd7 Re2+ 37. Kf6 Rxf2+ 38. Kxg6 Rxg2+ 39.
Kf6 Rc2 40. Rd8+ Kh7 41. Rd7+ Kh6 42. h4 Rc4 0-1

[Event "GBR-ch84 Major Open"]
[Site "Hove"]
[Date "1997.08.15"]
[Round "11"]
[White "Rutter, Nicholas J"]
[Black "Cole, Roland B"]
[Result "0-1"]
[WhiteElo "2096"]
[BlackElo "2245"]
[PlyCount "76"]
[EventDate "1997.08.04"]
[EventType "swiss"]
[EventRounds "11"]
[EventCountry "GBR"]
[SourceTitle "BritBase"]
[Source "John Saunders"]
[SourceDate "2024.07.22"]
[SourceVersion "1"]
[SourceVersionDate "2024.07.22"]
[SourceQuality "1"]

1. e4 c5 2. Nf3 d6 3. d4 cxd4 4. Nxd4 Nf6 5. Nc3 g6 6. Be3 Bg7 7. f3 O-O 8. Qd2
Nc6 9. O-O-O d5 10. Kb1 Rb8 11. h4 e6 12. Bb5 e5 13. Nb3 d4 14. Bxc6 bxc6 15.
Bg5 Qc7 16. Na4 Nd7 17. h5 f6 18. Bh6 g5 19. Bxg7 Kxg7 20. h6+ Kh8 21. g3 Ba6
22. c3 c5 23. cxd4 cxd4 24. Rc1 Qd6 25. f4 gxf4 26. gxf4 Rfc8 27. Nc3 Bc4 28.
Na5 Qb4 29. Nxc4 Rxc4 30. a3 Qa5 31. Qg2 Rg8 32. Qe2 Rxc3 33. Rxc3 dxc3 34. Rc1
Rb8 35. Qg2 Rg8 36. Qc2 cxb2 37. Qxb2 Qb6 38. fxe5 fxe5 0-1

[Event "GBR-ch84 Major Open"]
[Site "Hove"]
[Date "1997.08.15"]
[Round "11"]
[White "Gunter, David WW"]
[Black "Stephenson, Frederick Norman"]
[Result "0-1"]
[WhiteElo "2175"]
[BlackElo "2190"]
[PlyCount "70"]
[EventDate "1997.08.04"]
[EventType "swiss"]
[EventRounds "11"]
[EventCountry "GBR"]
[SourceTitle "BritBase"]
[Source "John Saunders"]
[SourceDate "2024.07.22"]
[SourceVersion "1"]
[SourceVersionDate "2024.07.22"]
[SourceQuality "1"]

1. d4 d5 2. Bg5 h6 3. Bh4 c6 4. e3 Qb6 5. Qc1 e5 6. Nf3 e4 7. Nfd2 Be7 8. Bg3
Nf6 9. c4 O-O 10. Nc3 Be6 11. Be2 Nbd7 12. c5 Qd8 13. b4 Nh7 14. b5 f5 15. bxc6
bxc6 16. Ba6 g5 17. Bb7 f4 18. Bxc6 fxg3 19. hxg3 Nhf6 20. Bxa8 Qxa8 21. Qa3
Ng4 22. Nd1 Qe8 23. f3 exf3 24. gxf3 Qb8 25. Rg1 Nh2 26. Qd3 Qe8 27. Rh1 Nxf3+
28. Nxf3 Rxf3 29. Rxh6 Bf5 30. Qe2 g4 31. Qh2 Bf6 32. c6 Rxe3+ 33. Nxe3 Qxe3+
34. Kd1 Qxd4+ 35. Ke2 Qb2+ {Source: Norman Stephenson} 0-1

[Event "GBR-ch84 Major Open"]
[Site "Hove"]
[Date "1997.08.15"]
[Round "11"]
[White "Debbage, Leigh J"]
[Black "Pickersgill, Adrian O"]
[Result "1-0"]
[WhiteElo "1824"]
[BlackElo "2075"]
[PlyCount "53"]
[EventDate "1997.08.04"]
[EventType "swiss"]
[EventRounds "11"]
[EventCountry "GBR"]
[SourceTitle "BritBase"]
[Source "John Saunders"]
[SourceDate "2024.07.22"]
[SourceVersion "1"]
[SourceVersionDate "2024.07.22"]
[SourceQuality "1"]

1. d4 Nf6 2. c4 e6 3. Nc3 Bb4 4. e3 O-O 5. Bd3 d5 6. Nf3 c5 7. O-O Nc6 8. a3
Bxc3 9. bxc3 dxc4 10. Bxc4 Qc7 11. a4 e5 12. h3 e4 13. Nd2 Re8 14. Ba3 b6 15.
Qc2 Bd7 16. Qa2 Bf5 17. dxc5 Ne5 18. cxb6 axb6 19. Bb5 Qc8 20. Bxe8 Bxh3 21. f4
Qxc3 22. fxe5 Qxe3+ 23. Rf2 Be6 24. Bxf7+ Bxf7 25. e6 Bh5 26. Qb3 Qg5 27. Nxe4
1-0

[Event "GBR-ch84 Major Open"]
[Site "Hove"]
[Date "1997.08.15"]
[Round "11"]
[White "James, Angus S"]
[Black "Roberts, Mark"]
[Result "1-0"]
[WhiteElo "1840"]
[BlackElo "2010"]
[PlyCount "47"]
[EventDate "1997.08.04"]
[EventType "swiss"]
[EventRounds "11"]
[EventCountry "GBR"]
[SourceTitle "BritBase"]
[Source "John Saunders"]
[SourceDate "2024.07.22"]
[SourceVersion "1"]
[SourceVersionDate "2024.07.22"]
[SourceQuality "1"]

1. e4 e6 2. d4 d5 3. Nd2 c5 4. exd5 Qxd5 5. Ngf3 cxd4 6. Bc4 Qd6 7. O-O Nf6 8.
Nb3 Nc6 9. Nbxd4 Nxd4 10. Nxd4 Bd7 11. Nb5 Qc5 12. Qe2 Rc8 13. b3 Qb6 14. Be3
Bc5 15. Rad1 Bxb5 16. Bxb5+ Ke7 17. Bg5 Bd6 18. Bc4 h6 19. Bxf6+ gxf6 20. Rd3
Qc7 21. Re1 e5 22. Qh5 Rh7 23. Qf5 Rg7 24. Rxd6 1-0

[Event "GBR-ch84 Major Open"]
[Site "Hove"]
[Date "1997.08.15"]
[Round "11"]
[White "Jones, Stephen"]
[Black "Essen, Sam"]
[Result "1-0"]
[WhiteElo "1824"]
[BlackElo "1736"]
[PlyCount "45"]
[EventDate "1997.08.04"]
[EventType "swiss"]
[EventRounds "11"]
[EventCountry "GBR"]
[SourceTitle "BritBase"]
[Source "John Saunders"]
[SourceDate "2024.07.22"]
[SourceVersion "1"]
[SourceVersionDate "2024.07.22"]
[SourceQuality "1"]

1. e4 g6 2. d4 Bg7 3. Nc3 d6 4. f4 Nf6 5. Nf3 c5 6. dxc5 Qa5 7. Bd3 Qxc5 8. Qe2
Ng4 9. Bd2 Bd7 10. h3 Nf6 11. Be3 Qb4 12. O-O Qxb2 13. Nb5 Bxb5 14. Bxb5+ Kf8
15. e5 Nd5 16. Bd4 Qb4 17. Rab1 Qa5 18. Qe4 e6 19. c4 a6 20. cxd5 axb5 21. dxe6
fxe6 22. Ng5 Qxa2 23. Ra1 1-0

[Event "GBR-ch84 Major Open"]
[Site "Hove"]
[Date "1997.08.15"]
[Round "11"]
[White "Toll, Alec J"]
[Black "McMahon, Paul"]
[Result "0-1"]
[WhiteElo "1944"]
[BlackElo "1816"]
[PlyCount "42"]
[EventDate "1997.08.04"]
[EventType "swiss"]
[EventRounds "11"]
[EventCountry "GBR"]
[SourceTitle "BritBase"]
[Source "John Saunders"]
[SourceDate "2024.07.22"]
[SourceVersion "1"]
[SourceVersionDate "2024.07.22"]
[SourceQuality "1"]

1. d4 Nf6 2. Bg5 d5 3. Nc3 Bf5 4. f3 c6 5. Bxf6 gxf6 6. e4 Bg6 7. exd5 cxd5 8.
Bd3 Bh6 9. g3 Nc6 10. f4 Qd7 11. Nf3 O-O-O 12. O-O Bh5 13. Bb5 Rhg8 14. Bxc6
bxc6 15. Kh1 Rxg3 16. f5 Rh3 17. Qd3 Qd6 18. Kg2 Rg8+ 19. Kxh3 Bg4+ 20. Kh4 Qf4
21. Ne2 Bg5+ 0-1

[Event "GBR-ch84 Major Open"]
[Site "Hove"]
[Date "1997.08.15"]
[Round "11"]
[White "Brookes, John G"]
[Black "Taylor, Peter P"]
[Result "0-1"]
[WhiteElo "2008"]
[BlackElo "2210"]
[PlyCount "38"]
[EventDate "1997.08.04"]
[EventType "swiss"]
[EventRounds "11"]
[EventCountry "GBR"]
[SourceTitle "BritBase"]
[Source "John Saunders"]
[SourceDate "2024.07.22"]
[SourceVersion "1"]
[SourceVersionDate "2024.07.22"]
[SourceQuality "1"]

1. e4 c5 2. Nf3 d6 3. d4 cxd4 4. Nxd4 Nf6 5. Nc3 a6 6. a4 e6 7. Be2 Be7 8. O-O Nc6 9. Be3 Bd7 10. f4 Nxd4 11. Bxd4 Bc6 12. Bd3 O-O 13. Kh1 Qc7 14. a5 e5 15. Be3 Qd7 16. Nd5 Bxd5 17. exd5 Ng4 18. Bg1 f5 19. Rf3 Nf2+ {Source: bulletin. The final two half-moves, in conjunction, seem extremely unlikely. Possible score corrections suggested by Brian Denman: (1) 19 Rf3 e4 0-1; or (2) 19 Rf2 Nxf2+ 0-1.} 0-1

[Event "GBR-ch84 Major Open"]
[Site "Hove"]
[Date "1997.08.15"]
[Round "11"]
[White "Bennett, John M"]
[Black "Duggan, Michael FG"]
[Result "1-0"]
[WhiteElo "2140"]
[BlackElo "2025"]
[PlyCount "35"]
[EventDate "1997.08.04"]
[EventType "swiss"]
[EventRounds "11"]
[EventCountry "GBR"]
[SourceTitle "BritBase"]
[Source "John Saunders"]
[SourceDate "2024.07.22"]
[SourceVersion "1"]
[SourceVersionDate "2024.07.22"]
[SourceQuality "1"]

1. d4 Nf6 2. c4 c5 3. d5 Ne4 4. Qc2 Qa5+ 5. Nd2 Nd6 6. b3 e6 7. e4 Be7 8. Bb2
O-O 9. Bd3 Na6 10. a3 b5 11. e5 Nf5 12. cxb5 Nb8 13. d6 Bg5 14. Be4 Qxb5 15.
Bxa8 Ba6 16. Nc4 Nd4 17. Bxd4 cxd4 18. Nf3 1-0

[Event "GBR-ch84 Major Open"]
[Site "Hove"]
[Date "1997.08.15"]
[Round "11"]
[White "Dyce, Andrew N"]
[Black "Rizouk, Ryad"]
[Result "1/2-1/2"]
[WhiteElo "2150"]
[BlackElo "2375"]
[PlyCount "20"]
[EventDate "1997.08.04"]
[EventType "swiss"]
[EventRounds "11"]
[EventCountry "GBR"]
[SourceTitle "BritBase"]
[Source "John Saunders"]
[SourceDate "2024.07.22"]
[SourceVersion "1"]
[SourceVersionDate "2024.07.22"]
[SourceQuality "1"]

1. e4 e5 2. Nf3 Nc6 3. Bb5 Nd4 4. Nxd4 exd4 5. O-O c6 6. Bc4 Nf6 7. Re1 d6 8.
c3 Ng4 9. h3 Ne5 10. d3 Qb6 1/2-1/2